Zápustkové kování : (konstrukce a výpočet nástrojů) . Díl 2 , Kování na klikových lisech a vodorovných kovacích strojích /
Uložené v:
| Hlavní autori: | , |
|---|---|
| Médium: | Kniha |
| Jazyk: | Czech Russian |
| Vydané: |
Praha :
Státní nakladatelství technické literatury,
1956.
|
| Vydanie: | 1. vyd. |
| ISBN: |
(viaz.) |
| Fyzický popis: |
351 s. |
| Tagy: |
Pridať tag
Žiadne tagy, Buďte prvý kto otaguje tento záznam!
|
Titul je dostupný aj v ... 

MARC
| LEADER | 00000nam a2200000 4500 | ||
|---|---|---|---|
| 001 | 000466913 | ||
| 005 | 20150429183715.0 | ||
| 008 | 010720s1956 xr e cze d | ||
| 020 | |a (viaz.) |c Kčs 29,90 | ||
| 040 | |a SVKKK |b slo |c SVKKK |e AACR2 | ||
| 041 | 1 | |a cze |h rus | |
| 044 | |a xr |c CZ | ||
| 100 | 1 | |a Brjuchanov, Andrej Nikolajevič |4 aut | |
| 245 | 1 | 0 | |a Zápustkové kování : |b (konstrukce a výpočet nástrojů) . |n Díl 2 , |p Kování na klikových lisech a vodorovných kovacích strojích / |c A. N. Brjuchanov, A. V. Rebelskij. |
| 246 | 3 | 0 | |a Kování na klikových lisech a vodorovných kovacích strojích |
| 250 | |a 1. vyd. | ||
| 260 | |a Praha : |b Státní nakladatelství technické literatury, |c 1956. | ||
| 300 | |a 351 s. | ||
| 500 | |a Preklad z ruš. | ||
| 700 | 1 | |a Rebel´skij, A. V. |4 aut | |
| 910 | |a svkkk | ||
| 998 | |a BK | ||
| 090 | |g SCKHL |k Sklad Pribinova 1. posch. |a IV.21937 |j 186719 |i 466913-10 |s Prezenčne | ||